MARC

Tag First Indicator Second Indicator Subfields
LEADER 00000cas a2200000 a 4500
001 in00001406680
005 20151020072844.0
008 910416d19901995txuar p r s0 a0eng d
019 |a 23198563 
035 |a (OCoLC)23476168 
035 |9 AHQ3633AM 
040 |a TWT  |c TWT  |d NLM  |d TXA  |d UtOrBLW 
043 |a n-us-tx 
049 |a TXAO 
060 0 0 |a WC 22 AT4  |b T3 
069 0 |a 9424254 
069 1 |a SR0074784 
086 |a H600.5 T312 AIC  |2 txdocs 
245 0 0 |a Texas HIV/AIDS community resource directory /  |c Texas Department of Health. 
246 3 0 |a HIV/AIDS community resource directory 
264 1 |a Austin, Tex. :  |b Texas Dept. of Health, Public Health Promotion Division,  |c 1990-1995. 
300 |a 6 volumes ;  |c 28 cm. 
310 |a Annual 
336 |a text  |b txt  |2 rdacontent 
337 |a unmediated  |b n  |2 rdamedia 
338 |a volume  |b nc  |2 rdacarrier 
362 0 |a Spring 1990-spring 1995. 
500 |a Title from cover. 
650 0 |a AIDS (Disease)  |x Patients  |x Services for  |z Texas  |x Directories. 
650 0 |a HIV (Viruses)  |x Patients  |x Services for  |z Texas  |x Directories. 
650 1 2 |a HIV Infections  |x prevention & control  |z Texas  |v directories. 
650 1 2 |a Acquired Immunodeficiency Syndrome  |x prevention & control  |z Texas  |v directories. 
710 1 |a Texas.  |b Department of Health.  |b Public Health Promotion Division. 
780 0 0 |t Texas AIDS community resource directory  |w (OCoLC)20231715 
785 0 0 |t Texas HIV/STD community resource directory  |w (OCoLC)36325535 
999 |a MARS 
999 f f |s 5e97f000-542f-3210-87cc-5b407491503f  |i 14ea3b2d-63d6-347a-afce-575b6e67e65c  |t 0 
952 f f |p serial  |a Texas A&M University  |b College Station  |c Sterling C. Evans Library  |d Evans: Texas Documents (Annex 5th floor)  |t 0  |e H600.5 T312 AIC  |h Superintendent of Documents classification  |i unmediated -- volume  |l 1993  |m A14822383049 
952 f f |p serial  |a Texas A&M University  |b College Station  |c Sterling C. Evans Library  |d Evans: Texas Documents (Annex 5th floor)  |t 0  |e H600.5 T312 AIC  |h Superintendent of Documents classification  |i unmediated -- volume  |l 1990  |m A14812420768 
998 f f |a H600.5 T312 AIC  |s 1990,1993  |t 0  |l Evans: Texas Documents (Annex 5th floor)